LEADER 01926oam 2200517M 450 001 9910715751303321 005 20191123063220.7 035 $a(CKB)5470000002514562 035 $a(OCoLC)1065973818 035 $a(OCoLC)995470000002514562 035 $a(EXLCZ)995470000002514562 100 $a20070221d1850 ua 0 101 0 $aeng 135 $aurcn||||||||| 181 $ctxt$2rdacontent 182 $cc$2rdamedia 183 $acr$2rdacarrier 200 10$aDonation of public lands. Resolutions of the Legislature of New York, relative to a grant of land to the Hungarian exiles and others. January 28, 1850. Referred to the Committee on Public Lands, and ordered to be printed 210 1$a[Washington, D.C.] :$c[publisher not identified],$d1850. 215 $a1 online resource (1 page) 225 1 $aMis. doc. / 31st Congress, 1st session. House ;$vno. 23 225 1 $a[United States congressional serial set ] ;$v[serial no. 581] 300 $aBatch processed record: Metadata reviewed, not verified. Some fields updated by batch processes. 300 $aFDLP item number not assigned. 606 $aLand grants 606 $aResolutions, Legislative 606 $aPublic lands 606 $aHungarians 606 $aImmigrants 606 $aPoor 608 $aLegislative materials.$2lcgft 615 0$aLand grants. 615 0$aResolutions, Legislative. 615 0$aPublic lands. 615 0$aHungarians. 615 0$aImmigrants. 615 0$aPoor. 712 02$aNew York. 801 0$bWYU 801 1$bWYU 801 2$bOCLCO 801 2$bOCLCQ 906 $aBOOK 912 $a9910715751303321 996 $aDonation of public lands. Resolutions of the Legislature of New York, relative to a grant of land to the Hungarian exiles and others. January 28, 1850. Referred to the Committee on Public Lands, and ordered to be printed$93343928 997 $aUNINA LEADER 01274nas 2200397-a 450 001 9910229176103321 005 20240413030810.0 035 $a(CKB)991042742918334 035 $a(CONSER)sn-78004540- 035 $a(EXLCZ)99991042742918334 100 $a20751019b19701980 --- a 101 0 $aeng 181 $ctxt$2rdacontent 182 $cc$2rdamedia 183 $acr$2rdacarrier 200 00$aCaveat emptor 210 $aOrange, N.J. $cConsumer Education Research Group$d-1980 215 $a1 online resource 300 $a"Consumer protection-environmental monthly." 300 $aEditor: R.L. Berko. 311 08$aPrint version: Caveat emptor (1970) 0045-6004 (DLC)sn 78004540 (OCoLC)1713543 531 0 $aCaveat emptor 606 $aConsumer protection$zUnited States$vPeriodicals 606 $aConsumer protection$2fast$3(OCoLC)fst00876358 607 $aUnited States$2fast 608 $aPeriodicals.$2fast 615 0$aConsumer protection 615 7$aConsumer protection. 676 $a381.3 701 $aBerko$b Robert L$0918189 712 02$aConsumer Education Research Group (West Orange, N.J.) 906 $aJOURNAL 912 $a9910229176103321 920 $aexl_impl conversion 996 $aCaveat emptor$92058761 997 $aUNINA